Les 50... - Édition Proverbes - Statistiques

Statistiques générales
  • Ce quiz a été pris 223 fois
  • Le résultat moyen est 36 sur 50
Statistiques - réponses
Proverbe Réponse % Correct
L'habit ne fait pas... le moine.
100%
Mieux vaut prévenir... que guérir.
98%
Il n'y pas de fumée... sans feu.
97%
Il ne faut pas vendre la peau de l’ours avant... de l'avoir tué.
95%
La nuit porte... conseil.
94%
Petit à petit, l'oiseau... fait son nid.
93%
Qui va à la chasse... perd sa place.
93%
Quand le chat n'est pas là... les souris dansent.
92%
Quand on veut... on peut.
92%
Il faut tourner sept fois sa langue dans sa bouche... avant de parler.
91%
Les chiens ne font pas... des chats.
91%
L'argent ne fait pas... le bonheur.
91%
Mieux vaut tard... que jamais.
91%
Jamais deux... sans trois.
91%
Chasser le naturel, il revient... au galop.
90%
Donner, c'est donner, reprendre... c'est voler.
90%
Les murs ont... des oreilles.
90%
La vengeance est un plat qui... se mange froid.
89%
Il ne faut pas mettre la charrue... avant les bœufs.
88%
Qui sème le vent récolte... la tempête.
88%
Il faut battre le fer tant... qu'il est chaud.
87%
Pierre qui roule n'amasse... pas mousse.
86%
Tout vient à point à qui... sait attendre.
85%
On ne fait pas d'omelette sans... casser des œufs.
83%
Après la pluie... le beau temps.
81%
Il n'y a que la vérité... qui blesse.
79%
Aux grands maux les... grands remèdes.
78%
Ce qui est fait n'est... plus à faire.
78%
Ce qui ne tue pas... rend plus fort.
78%
Qui vivra... verra.
78%
Les absents ont... toujours tort.
76%
On n'apprend pas au vieux singe à... faire la grimace.
75%
On ne change pas une... équipe qui gagne.
69%
Il faut rendre à César... ce qui est à César.
68%
Un tien vaut mieux que... deux tu l'auras.
66%
Loin des yeux... loin du cœur.
66%
Tel est pris qui... croyait prendre.
64%
Il n'y a pas de petites... économies.
61%
Les cordonniers sont toujours... les plus mal chaussés.
61%
Les goûts et les couleurs ne se... discutent pas.
60%
La parole est d'argent, mais... le silence est d'or.
59%
Chacun voit... midi à sa porte.
57%
C'est l'arbre qui... cache la forêt.
33%
Tant va à la cruche à l'eau qu'à la fin... elle se casse.
32%
Nul n'est prophète en... son pays.
31%
À bon chat... bon rat.
28%
A cœur vaillant... rien d'impossible.
27%
Aide toi... le ciel t'aidera.
26%
Il n'est pire aveugle que celui qui... ne veut pas voir.
25%
A cheval donné, on ne regarde pas... les dents.
14%
Aucun quiz correspondant
Distribution des résultats
% des personnes avec chaque résultat
Percentile par nombre de réponses
Votre historique - résultats
Vous n’avez pas pris ce quiz